000 00851nam a22002057a 4500
005 20120224115839.0
010 _aB-446698
020 _a9780143100812
_c399.00
035 _aB-446698
037 _bBlue Berry/Ven
082 _a954.64
245 _aReflected in water :
_cedited by Jerry Pinto
_bwritings on Goa /
260 _aNew Delhi
_bPenguin Books
_c2006
270 _a11 Community Centre,Panchsheel Park,
_bNew Delhi
_e110017
300 _axii,295p
_c22cm(pbk)
_bill
700 _942944
_aPinto,Jerry
942 _2ddc
_cEN
_mREF
_h954.64
999 _c63406
_d63406